logo

HISTORIA DE LAS RELACIONES INTERNACIONALES I Y II (BAJA REVISON 2005) (Record no. 73133)

MARC details
000 -CABECERA
campo de control de longitud fija 00625nam a2200181Ia 4500
001 - NÚMERO DE CONTROL
campo de control 25993
005 - FECHA Y HORA DE LA ÚLTIMA TRANSACCIÓN
campo de control 20260414093149.0
008 - CÓDIGOS DE INFORMACIÓN DE LONGITUD FIJA
campo de control de longitud fija 260115s9999 xx 000 0 und d
035 ## - NÚMERO DE CONTROL DEL SISTEMA
Número de control de sistema 16578
090 ## - LOCALMENTE ASIGNADO TIPO-LC NÚMERO DE CLASIFICACIÓN (OCLC); NÚMERO DE CLASIFICACIÓN LOCAL (RLIN)
Número de clasificación (OCLC) (R) ; Numero de clasificación CALL (RLIN) (NR) 94:327
100 ## - PUNTO DE ACCESO PRINCIPAL - NOMBRE DE PERSONA
Nombre de persona ZORGBIBE CHARLES
245 #0 - MENCIÓN DE TÍTULO
Título HISTORIA DE LAS RELACIONES INTERNACIONALES I Y II (BAJA REVISON 2005)
260 ## - PUBLICACIÓN, DISTRIBUCIÓN, ETC. (PIE DE IMPRENTA)
Nombre del editor distribuidor etc. ALIANZA EDITORIAL
Fecha de publicación distribución etc. 1997
630 ## - PUNTO DE ACCESO ADICIONAL DE MATERIA--TÍTULO UNIFORME
Título uniforme HISTORIA GENERAL
650 ## - PUNTO DE ACCESO ADICIONAL DE MATERIA--TÉRMINO DE MATERIA
Término de materia o nombre geográfico como elemento inicial HISTORIA POLITICA INTERNACIONAL
942 ## - ELEMENTOS DE PUNTO DE ACCESO ADICIONAL (KOHA)
Tipo de ítem Koha Monografías
901 ## - ELEMENTOS DE DATOS A LOCAL LDA (RLIN)
a FH
b FH
y BK
p SEH_25993
i 22821
j 94:327
c HISTORIA
t 1
z TOMO I: 696 PAGS. 5125 PTAS (30´08 E). TOMO II: 784 PAGS. 4950 PTAS (29´75 E) 20 CTMS. MADRID
x 1
Holdings
Estado de retiro Estado de pérdida Estado dañado No para préstamo Localización permanente Ubicación/localización actual Ubicación en estantería Fecha de adquisición Número de inventario Número de registro Total de préstamos Código de barras Fecha visto por última vez Número de copia Precio válido a partir de Tipo de ítem Koha Nota pública
        Servicio de Estudios Históricos Servicio de Estudios Históricos   14/04/2026 22821 22821   SEH_25993 14/04/2026 1 14/04/2026 Monografías TOMO I: 696 PAGS. 5125 PTAS (30´08 E). TOMO II: 784 PAGS. 4950 PTAS (29´75 E) 20 CTMS. MADRID